| 000 | 00449cam a22001934a 4500 | ||
|---|---|---|---|
| 005 | 20250605164316.0 | ||
| 008 | 250528s ||||||||||||||||||||||||d | ||
| 035 | _a22698 | ||
| 020 | _a9781844793266 | ||
| 040 |
_aGR-AtMCL _bgre _dGR-AtMCL _eAACR2 |
||
| 245 | 1 | _aENGINEERING MATHS | |
| 250 | _a1 | ||
| 260 |
_bAllyn And Bacon, _c1997 |
||
| 300 | _a442 | ||
| 700 | 1 |
_aMustoe Leslie _93509 |
|
| 942 | _cBK | ||
| 999 |
_c7746 _d7746 |
||